| 000 | 00627nam a2200169 4500 | ||
|---|---|---|---|
| 001 | 115916 | ||
| 003 | ES-MaACL | ||
| 005 | 20230906190606.0 | ||
| 007 | t| | ||
| 008 | 061121s1916 fr r ||||1| fre d | ||
| 100 | 1 |
_aNaumann, Friedrich. _985011 |
|
| 245 | 1 | 2 |
_aL'Europe centrale _b: Suivi de : La Bulgarie et l'Europe centrale / _cFriedrich Naumann ; traduit de l'allemand par l'Argus suisse de la Presse a Genève ; preface de l'edition francaise par S. Grumbach. |
| 260 |
_aNeuchâtel : _bDelachaux & Niestlé, _c[1917] |
||
| 300 |
_aXXVI, 396 p. ; _c24 cm. |
||
| 700 | 1 |
_aGrumbach, S. _960238 |
|
| 852 |
_aES-MaACL _jC-1954 |
||
| 999 |
_c115916 _d115916 |
||